000 01429nac a22003611i 4500
003 EG-ScBUE
005 20241215105909.0
008 241215s2004 maua f 001 0 eng d
020 _a9780071242486
020 _a0071242481
040 _aEG-ScBUE
_beng
_erda
_cEG-ScBUE
_dEG-ScBUE
082 0 4 _a519.5
_bMIL
_222
100 1 _aMilton, J. Susan,
_eauthor.
245 1 0 _aIntroduction to probability and statistics :
_bprinciples and applications for engineering and the computing sciences /
_cJ. Susan Milton, Radford University, Jesse C. Arnold, Virginia Polytechnic Institute and State University.
250 _aFourth edition.
250 _aInternational edition.
264 1 _aBoston :
_bMcGraw-Hill,
_c2004.
300 _axvii, 798 pages :
_billustrations (some color) ;
_c25 cm
336 _2rdacontent
_atext
_btxt
337 _aunmediated
_2rdamedia
_bn
338 _avolume
_bnc
_2rdacarrier
500 _aIncludes index.
500 _aIncludes appendix.
650 7 _aEngineering mathematics.
_2BUEsh
650 7 _aComputer science
_xMathematics.
_2BUEsh
650 7 _aProbabilities.
_2BUEsh
650 7 _aStatistics.
_2BUEsh
655 _vReading book
700 1 _aArnold, Jesse C.,
_eauthor.
856 4 2 _3Publisher description
_uhttp://www.loc.gov/catdir/description/mh024/2002070972.html
856 4 2 _3Table of contents
_uhttp://www.loc.gov/catdir/toc/mh023/2002070972.html
942 _cBB
_2ddc
999 _c1942
_d1942